Samuel Pepys: The man and the making
Saved in:
| Main Author: | |
|---|---|
| Format: | Book |
| Language: | English |
| Published: |
Cambridge
University Press
1933
|
| Edition: | 1a. ed |
| Subjects: | |
| Tags: |
Add Tag
No Tags, Be the first to tag this record!
|
MARC
| LEADER | 00000nam a2200000 a 4500 | ||
|---|---|---|---|
| 001 | UCJ4785 | ||
| 003 | CL-VaPUC | ||
| 008 | 070124e19330800uk |||||||||||||||||eng|d | ||
| 082 | 0 | 4 | |a 923 |b PEP |2 21 |
| 100 | 0 | |a Bryant, Arthur |e author |9 509109 | |
| 245 | 1 | 0 | |a Samuel Pepys: The man and the making |
| 250 | |a 1a. ed | ||
| 300 | |a xiv, 436 p | ||
| 942 | |c BK | ||
| 945 | |d 20070124 00:00:00 |a rinostro | ||
| 260 | |a Cambridge |b University Press |c 1933 | ||
| 500 | |a Front., retrato de Samuel Pepys; ilustraciones conformes a lo señalado en el índice | ||
| 600 | 0 | 7 | |a PEPYS, SAMUEL |2 CL-VaPUC |9 507012 |
| 650 | 7 | |a BIOGRAFIA |2 CL-VaPUC |9 504622 | |
| 650 | 0 | |a Iconografía |9 267998 | |
| 650 | 0 | |a Ilustraciones |9 369481 | |
| 650 | 0 | |a Historia |9 255047 | |
| 650 | 7 | |a DIARIO |2 CL-VaPUC |9 441581 | |
| 650 | 0 | |a Correspondencia |9 258963 | |
| 650 | 0 | |a Crítica |9 373015 | |
| 650 | 0 | |a Genealogía |9 255285 | |
| 651 | 0 | |a Inglaterra |9 255158 | |
| 583 | |a last modification |c 20171220 06:29:05 |k Rodrigo Vera | ||
| 999 | |c 320900 |d 320898 | ||
| 952 | |0 0 |1 0 |4 0 |6 923_000000000000000_PEP_1933 |7 0 |8 X |9 399525 |a FDOBUD |b FDOBUD |d 2019-11-22 |i 1025864 |o 923 PEP 1933 |p 1025864 |r 2019-11-22 |w 2019-11-22 |y BK_X |k BUD | ||